دولة محمد علي في الوثائق الإيطالية غير المنشورة / (Record no. 8181)
[ view plain ]
| 000 -الفاتح | |
|---|---|
| حقل البيانات ثابتة الطول | 01819nac a22003611i 4500 |
| 003 - محدد رقم الضبط | |
| رقم الضبط | EG-ScBUE |
| 005 - وقت وتاريخ اخر تعامل مع التسجيلة | |
| رقم الضبط | 20240104153529.0 |
| 008 - عناصر البيانات ثابتة الطول - معلومات عامة | |
| حقل البيانات ثابتة الطول | 121118s2007 ua af 000 0 ara d |
| 017 ## - رقم الإيداع القانونى | |
| رقم الإيداع القانونى | 2006 / 23817 |
| 020 ## - الرقم الدولى المعيارى للكتب | |
| الرقم الدولى المعيارى للكتاب | 9771804685 |
| 040 ## - مصدر الفهرسة | |
| وكالة الفهرسة الأصلية | EG-ScBUE |
| لغة الفهرسة | ara |
| قواعد الوصف | rda |
| وكالة النسخ | EG-ScBUE |
| وكالة التعديل | EG-ScBUE |
| 043 ## - رمز المنطقة الجغرافية | |
| رمز المنطقة الجغرافية | f-ua--- |
| -- | e-it--- |
| 082 04 - رقم تصنيف ديوى العشرى | |
| رقم التصنيف | 962.03 |
| رقم المادة | س ا م |
| رقم الطبعة | 22 |
| 100 1# - المدخل الرئيسى - إسم شخصى | |
| الإسم الشخصى | ساماركو، أنجلو، |
| الدور | مؤلف. |
| 9 (RLIN) | 31325 |
| 245 ## - بيان العنوان | |
| العنوان | دولة محمد علي في الوثائق الإيطالية غير المنشورة / |
| بيان المسئوليه,etc | اعداد أنجلو ساماركو ؛ تصدير دكتور محمد صابر عرب ؛ راجع الترجمة دكتور حسين محمود ؛ المراجعة التاريخية والتحقيق دكتور جمال زكريا قاسم. |
| 250 ## - بيان الطبعة | |
| بيان الطبعة | الطبعة الأولى. |
| 264 #1 - النشر، التوزيع | |
| مكان الناشر او الموزع | القاهرة : |
| اسم الناشر او الموزع | دار الكتب والوثائق القومية، |
| تاريخ النشر أو التوزيع | 2007. |
| 300 ## - الوصف المادى | |
| التعداد | 211 صفحة ؛ |
| أبعاد الوعاء | 32 سم. |
| 336 ## - نوع المحتوى | |
| source | rdacontent |
| Carrier Type Term | نص |
| Content Type Code | txt |
| 337 ## - نوع الوسيط | |
| Media Type Term | بدون وسيط |
| source | rdamedia |
| Media Type Code | n |
| 338 ## - نوع الحامل أو الناقل | |
| Carrier Type Term | مجلد |
| Carrier Type Code | nc |
| source | rdacarrier |
| 490 0# - بيان السلسلة | |
| عنوان السلسلة | المشروع القومي للترجمة |
| 505 0# - تبصرة محتويات-الفهرس | |
| تبصرة المحتويات المصاغة | المجلد الأول. مصر في عصر الفوضى (يوليو 1801- يوليو 1804). |
| 600 07 - المدخل الاضافى بالموضوع-اسم شخصى | |
| الإسم الشخصى | محمد علي باشا، |
| العنوان والكلمات الأخرى المصاحبة للاسم | حاكم مصر، |
| التواريخ المصاحبة للاسم | 1769-1849. |
| مصدر الرأس أو المصطلح | BUEsh |
| 9 (RLIN) | 31327 |
| 651 #7 - المدخل الاضافى بالموضوع - اسم جغرافى | |
| الاسم الجغرافي | مصر |
| التقسيم الفرعي العام | تاريخ |
| التقسيم الفرعي الزمني | العصر الحديث |
| -- | عصر محمد علي (1805-1849). |
| مصدر الرأس أو المصطلح | BUEsh |
| 651 #7 - المدخل الاضافى بالموضوع - اسم جغرافى | |
| الاسم الجغرافي | مصر |
| التقسيم الفرعي العام | علاقات خارجية |
| التقسيم الفرعي الجغرافي | إيطاليا. |
| مصدر الرأس أو المصطلح | BUEsh |
| 651 #7 - المدخل الاضافى بالموضوع - اسم جغرافى | |
| الاسم الجغرافي | إيطاليا |
| التقسيم الفرعي العام | علاقات خارجية |
| التقسيم الفرعي الجغرافي | مصر. |
| مصدر الرأس أو المصطلح | BUEsh |
| 655 ## - مصطلح تكشيفى-نوع/شكل | |
| التقسيم الفرعي الشكلي | Reading book |
| 700 1# - المدخل الاضافى - اسم شخصى | |
| الإسم الشخصى | عرب، محمد صابر، |
| الدور | مشرف. |
| 9 (RLIN) | 13774 |
| 700 1# - المدخل الاضافى - اسم شخصى | |
| الإسم الشخصى | حسين، محمود، |
| الدور | مراجع. |
| 9 (RLIN) | 31329 |
| 700 1# - المدخل الاضافى - اسم شخصى | |
| الإسم الشخصى | قاسم، جمال زكريا، |
| الدور | مراجع. |
| 9 (RLIN) | 15117 |
| 942 ## - عناصر المدخل الإضافي( كوها) | |
| Koha [default] item type | Book - Borrowing |
| مصدر التصنيف او مخطط الترفيف | Dewey Decimal Classification |
| حالة التراجع | حالة الفقد | مصدر التصنيف او خطة الترفيف | حالة تلف | ليس للاعارة | مجموعات كوها | المكان الدائم | المكان الحالي | موقع الترفيف | تاريخ الاكتساب | Source of acquisition | رقم الاستدعاء | الباركود | Date last seen | التكلفة | نوع الوعاء | تبصرة عامة |
|---|---|---|---|---|---|---|---|---|---|---|---|---|---|---|---|---|
| Dewey Decimal Classification | Alef-Baa | Central Library | Central Library | Second Floor | 27/02/2008 | Purchase | 962.03 س ا م | 000010082 | 15/07/2025 | 15.00 | Book - Borrowing | ج. 1. |